000 00725nam a2200217 a 4500
001 BRL_1782
005 20190320211351.0
008 300715s1977----mx-a######---#000-0#spa-#
041 _aspa
044 _amx
050 4 _aGN302
_b.M47 1977
245 1 0 _aSegunda mesa redonda sobre problemas antropológicos de la Sierra Norte del Estado de Puebla
260 _aCuetzalan, Puebla
_bCentro de Estudios Históricos de la Sierra Norte del Estado de Puebla
_c1977
300 _a90 p.
_bil.
_c21 cm.
500 _aej.1 Au1981, ej.2 Au354
500 _aLa biblioteca cuenta con 2 ejemplares
504 _aBibliografía: p. 81 y 86
650 1 4 _aAntropología
_zSierra Norte (Puebla)
_927865
902 _aGRL
942 _2lcc
_cB
999 _c10590
_d10590